000 02228nam a22002417a 4500
005 20211218115010.0
008 211218b ||||| |||| 00| 0 eng d
020 _a8185304351
040 _cAL
041 _aeng
082 _223
_a324.254
_bSHOO
100 _aArun Shourie
_911834
245 _aOnly Fatherland: Communists, Quit India and the Soviet Union
260 _aNew Delhi
_bASA Publications
_c1991
300 _aviii,204 p.
_bHB
_c22x15 cm.15
365 _b150.00
_c
_d150.00
520 _aAre ideologies a pair of binoculars that enable us to see far? Or are they a pair of blinkers that keep us from seeing even that which is at hand? How is it that communists; equipped as they are with the one great Theory that explains everything; fumble ever so often in seeing the obvious? How did the Theory lead them to declare the Second World War as an 'Imperialist War' one day; and a 'People's War' the next? How did it lead them to undertake to sabotage the Quit India Movement for the British? How did it lead them to trumpet the demand for Pakistan 'better than the Muslim League'? To declare in 1947 that India had not really become independent? To insist that Pandit Nehru was just "a running dog of imperialism"? To launch an insurrection in 1949 on the premise that India was ripe for an armed revolution? To fumble so much in their response to the end of the communist bloc? Arun Shourie; one of the most respected commentators on current affairs in India today; illustrates the malady by reconstructing what the communists did during the Quit India Movement. In the process he uncovers the secret negotiations they conducted and the secret understanding they struck with the British; the reports they submitted to the imperial rulers about the work they were doing to subvert the movement Mahatma Gandhi had launched. He concludes with a review of the reactions of Indian communists to the break-up of the Soviet empire; showing how their mental make-up and habits have not changed in the six decades since independence.
650 _aPolitical Process
_911835
650 _aNaxalite Movement
_911836
650 _aCommunist Party of India
_911837
700 _aSHOURIE (Arun)
_911838
942 _2ddc
_cGF
999 _c220975
_d220975